Tajemství /
Mladý detektiv řeší zdánlivě jednoznačnou sebevraždu mladé dívky. Začínající detektiv Martin Tůma se však setkává se zkušeným kriminalistou Koutným, který je více než přesvědčen o vraždě.
Uloženo v:
| Série: | Jihočeské detektivky,
část 3 |
|---|---|
| Hlavní autor: | |
| Médium: | E-kniha |
| Jazyk: | Czech |
| Vydáno: |
Brno :
MOBA,
2023
|
| Vydání: | Vydání první |
| Edice: | Původní česká detektivka
|
| Témata: | |
| Příbuzné jednotky: | Z cyklu::
Jihočeské detektivky |
| Tagy: |
Žádné tagy |
| LEADER | 02350nam a2200421 i 4500 | ||
|---|---|---|---|
| 001 | 311955 | ||
| 003 | CZ PrSKC | ||
| 005 | 20260601215714.0 | ||
| 007 | ta | ||
| 008 | 230608s2023 xr g 000 f cze | ||
| 015 | |a cnb003520857 | ||
| 020 | |a 9788027908103 |q (vázáno) | ||
| 035 | |a (OCoLC)1408817240 | ||
| 040 | |a ABG001 |b cze |e rda | ||
| 072 | 7 | |a 821.162.3-3 |x Česká próza |2 Konspekt | |
| 080 | |a 821.162.3-31 |2 MRF | ||
| 080 | |a (0:82-312.4) |2 MRF | ||
| 100 | 1 | |a Kohout, Pavel, |d 1981- |7 xx0243994 |4 aut | |
| 245 | 1 | 0 | |a Tajemství / |c Pavel Kohout |
| 250 | |a Vydání první | ||
| 264 | 1 | |a Brno : |b MOBA, |c 2023 | |
| 300 | |a 193 stran ; |c 19 cm | ||
| 336 | |a text |b txt |2 rdacontent | ||
| 337 | |a bez média |b n |2 rdamedia | ||
| 338 | |a svazek |b nc |2 rdacarrier | ||
| 490 | 1 | |a Původní česká detektivka ; |v 382. svazek | |
| 520 | 2 | |a Mladý detektiv řeší zdánlivě jednoznačnou sebevraždu mladé dívky. Začínající detektiv Martin Tůma se však setkává se zkušeným kriminalistou Koutným, který je více než přesvědčen o vraždě. |b Karlu Koutnému se po ukončení kariéry kriminalisty hroutí život. Rozpadl se mu vztah s partnerkou, profesně tápe a noční můry řeší alkoholem. Ač se snaží na dráhu vyšetřovatele zapomenout, shodou okolností objeví v lese oběšenou dívku. Vyšetřování oběšené dostává na starost mladý Martin Tůma jako svůj první samostatný případ. Vše nasvědčuje tomu, že se jednalo o sebevraždu a nadřízení směrují mladíka k uzavření případu. On má ale podezření, že se jednalo o vraždu. Nakladatelská anotace. | |
| 655 | 7 | |a české romány |7 fd133974 |2 czenas | |
| 655 | 7 | |a detektivní romány |7 fd132010 |2 czenas | |
| 655 | 9 | |a Czech fiction |2 eczenas | |
| 655 | 9 | |a detective novels |2 eczenas | |
| 787 | 0 | 8 | |i Z cyklu: |t Jihočeské detektivky |g 3 |
| 830 | 0 | |a Původní česká detektivka | |
| 900 | |a ABA001 |b 20 | ||
| 044 | |a xr | ||
| 910 | |a RBIT002 | ||
| 998 | |d 378061 |a https://core.palmknihy.cz/api/books/378061/cover?rvf3e3 |b https://core.palmknihy.cz/api/books/378061/cover/400?rvf3e3 |c https://core.palmknihy.cz/api/books/378061/cover/50?rvf3e3 |e 2028-01-10 |g 192 |i 9788027908103 |j https://core.palmknihy.cz/api/books/378061/preview.epub |l |q 49 |r 1 |s https://www.palmknihy.cz/kniha/378061 |t ebook |y 2023 |z 0 |v Původní česká detektivka |w 1 | ||
| 999 | |d 311953 | ||